| 000 | 00618nam a2200205Ia 4500 | ||
|---|---|---|---|
| 005 | 20250923145048.0 | ||
| 008 | 008 250917s9999 xx 000 0 eng d | ||
| 037 | _aTextual | ||
| 040 |
_aDSWL _beng _cDSWL |
||
| 041 |
_aeng _2eng |
||
| 084 |
_aX:77.1(Y:434), N60 _qDSWL |
||
| 100 |
_aShonfield, Andrew _9831403 |
||
| 245 | 4 |
_aThe attack on world poverty _cby Andrew Shonfield |
|
| 260 |
_aNew York _b Vintage books a Division of Random House _c1960 |
||
| 300 | _axvi,395p. | ||
| 365 |
_aUSD _b1.45 |
||
| 925 | _g1.45 | ||
| 942 |
_cTEXL _hX:77.1(Y:434), N60 |
||
| 999 |
_c1446627 _d1446627 |
||